| 000 | 00935nam a2200277 a 4500 | ||
|---|---|---|---|
| 001 | 000028567 | ||
| 003 | DO-SdBNP | ||
| 005 | 20250331141207.0 | ||
| 007 | ta | ||
| 008 | 110411s2010 dr ac 000 | spa d | ||
| 020 | _z9789934871418 | ||
| 040 |
_aDO-SdBNP _bspa _cBNPHU |
||
| 082 | 4 |
_a949.5 _bM516v _222 |
|
| 100 | 1 |
_aMejía Jabid, Eduardo, _d1949- _955525 |
|
| 245 | 1 | 0 |
_aVisión de Grecia / _cEduardo Mejía Jabid. |
| 260 |
_aSanto Domingo : _bCuesta-Véliz, _c2010. |
||
| 300 |
_a259 p. : _bilustraciones y retratos ; _c18 cm. |
||
| 500 | _aIncluye datos biográficos del autor en la última página. | ||
| 500 | _aIncluye tabla cronológica de la época griega y helenística. | ||
| 590 | _aInventariado, 2020/YL | ||
| 650 | 4 |
_aCivilización griega _936163 |
|
| 650 | 4 |
_aGrecia _xHistoria _955526 |
|
| 651 | 0 |
_aGrecia _xDescripciones y viajes _921906 |
|
| 910 | _aValidado. Control de la calidad EMS. | ||
| 942 |
_2ddc _cLBS1 |
||
| 999 |
_c28059 _d28059 |
||